000 01264cam a2200277 4500
001 L136486
008 070202n2007 000 0 eng u
020 _a1905926014
035 _a(Sirsi) u136486
041 0 _aeng
050 0 4 _a347.41067 $2 18
245 0 4 _aThe little book on expert witness fees
260 _aNewmarket
_bJ S Publications
_c2007
300 _a208p.
_c21cm.
350 _a35
490 0 _aUK Register of Expert Witnesses Little Books for Experts
520 _aProvides practical advice to expert witnesses on ways to minimise the risk of late payment of fees. Covers: terms of engagement; court procedure rules; public funding; medical reporting agencies; oral evidence in criminal courts; common concerns; VAT for expert witnesses; and getting paid. Various appendices including extracts from the Civil Procedure Rules, various criminal regulations, and a terms of engagement framework.
590 _aKA
650 2 4 _aCIVIL PROCEDURE RULES PART 35
650 2 4 _aCIVIL PROCEDURE RULES PART 33
651 4 _aEngland and Wales
_y1543-
690 _aMANAGEMENT-DISPUTE AVOIDANCE, MANAGEMENT AND RESOLUTION-DISPUTE MANAGEMENT AND RESOLUTION-EXPERT WITNESSES
700 _aPamplin, Chris
700 1 _aOwen, Philip
942 _n0
999 _c106405
_d106405